Praktičeskaja fonetika nemeckogo jazyka.

Uložené v:
Podrobná bibliografia
Hlavný autor: Lindner, V. B.
Médium: Kniha
Jazyk:Slovak
Vydané: Moskva, 1955.
Fyzický popis: 171 s.
Tagy: Pridať tag
Žiadne tagy, Buďte prvý kto otaguje tento záznam!

MARC

LEADER 00000nam a22000004a 4500
001 000616640
005 20190517095930.0
008 190517s1955 xo e 000 0 slo d
040 |a SVKKK  |b slo  |c SVKKK  |e AACR2 
100 1 |a Lindner, V. B. 
245 1 0 |a Praktičeskaja fonetika nemeckogo jazyka. 
260 |a Moskva,  |c 1955. 
300 |a 171 s. 
500 |a Záznam revízie 
504 |a Lit. 30 
910 |a svkkk 
998 |a BK 
090 |g SCKHL  |k Sklad Pribinova 2. posch.  |a III.25319  |j 113749  |i 2720658626  |4 Vyradená  |s Vyradená